000
00274nam a2200109 a 4500
005
20201002061233.0
008
190329s2017 000 spa d
020
_a
9789945902693
245
3
_a
La sierra y el plan sierra.
260
_a
Santo Domingo,
_c
2017.
999
_c
48046
_d
48046
040
_a
DO-SdBNP